Les races de chien: toute les sortes de berger - Statistiques

Statistiques générales
  • Ce quiz a été pris 35 fois
  • Le résultat moyen est 4 sur 29
Statistiques - réponses
Réponses % Correct
1 Berger Allemand
93%
2 Berger Australien
79%
19 Berger des Pyrénées
34%
8 Berger blanc suisse
24%
20 Berger des Shetland ou Sheltie
24%
6 Berger Belge Malinois
17%
11 Berger d'Anatolie
17%
25 Berger Picard
14%
15 Berger de Brie
10%
24 Berger Hollandais
10%
10 Berger Créole
7%
12 Berger d'Asie centrale
7%
21 Berger du Caucase
7%
23 Berger finnois de Laponie
7%
29 Berger yougoslave
7%
4 Berger Belge Groenendael
3%
5 Berger Belge Laekenois
3%
7 Berger Belge Tervueren
3%
14 Berger de Bergame
3%
16 Berger de l'Atlas
3%
18 Berger de Russie
3%
28 Berger portugais
3%
3 Berger Australien Miniature
0%
9 Berger catalan
0%
17 Berger de Marenne et des Abruzzes
0%
13 Berger d'Islande
0%
22 Berger du Karst
0%
26 Berger polonais de plaine
0%
27 Berger polonais de Podhale
0%
Aucun quiz correspondant
Distribution des résultats
% des personnes avec chaque résultat
Percentile par nombre de réponses
Votre historique - résultats
Vous n’avez pas pris ce quiz